Islam and Muslim History in South Asia. (Record no. 10070)

MARC details
000 -LEADER
fixed length control field 00615nam a2200241 a 4500
020 ## - INTERNATIONAL STANDARD BOOK NUMBER
ISBN 0195672
082 00 - DEWEY DECIMAL CLASSIFICATION NUMBER
Classification number 297.0954
Author Cutter ROB
100 ## - MAIN ENTRY--AUTHOR NAME
Author name Robinson, Francis
245 ## - TITLE STATEMENT
Title Islam and Muslim History in South Asia.
260 ## - PUBLICATION, DISTRIBUTION, ETC. (IMPRINT)
Place of publication New Dlhi
Name of publisher Oxford University Press
Year of publication 2000
300 ## - PHYSICAL DESCRIPTION
Number of Pages 299p
500 ## - GENERAL NOTE
General note includes index and biblioraphy
505 2# - FORMATTED CONTENTS NOTE
Formatted contents note Index
650 ## - SUBJECT ADDED ENTRY--TOPICAL TERM
Topical Term Islam-South Asia
942 ## - ADDED ENTRY ELEMENTS (KOHA)
Koha item type Books
700 1# -
-- Robinson, Francis
Holdings
Collection code Home library Current library Date acquired Cost, normal purchase price Full call number Accession Number Koha item type
  Henry Martyn Institute Library Henry Martyn Institute Library 05/16/2011 595.00 297.0954 ROB 019711 Books
                   Copyright © 2026 | Henry Martyn Institute | Hyderabad | TS-500052 | INDIA | Implemented by hmi.edu.in
Hit-Count:

Powered by Koha